| 000 | 00391 a2200157 4500 | ||
|---|---|---|---|
| 001 | 62899 | ||
| 020 | _a9788571109636 | ||
| 040 | _cAnchieta - Pituba | ||
| 100 | _aSimmel, Georg, 1858-1918 | ||
| 240 | 1 | 0 |
_aQuestões fundamentais da sociologia _lpor |
| 245 | 1 | 0 | _aQuestões fundamentais da sociologia |
| 300 | _a120 | ||
| 362 | 0 | _a2006 | |
| 650 | 4 | _aSociologia e Antropologia | |
| 942 | _cBK | ||
| 999 |
_c62899 _d62899 |
||